| 000 | 00754nam a2200217 a 4500 | ||
|---|---|---|---|
| 001 | 000010486 | ||
| 005 | 20250204073951.0 | ||
| 008 | 091007s1991 dr 000 p spa d | ||
| 040 |
_aDO-SdBNP _bspa _cBNPHU |
||
| 082 |
_aRD861.44 _bL864c |
||
| 100 | 1 |
_aLópez, Francisco _925470 |
|
| 245 | 1 | 0 |
_aCantos otoñales / _cFrancisco López ; prólogo Mariano Lebrón Saviñón. |
| 260 |
_aSanto Domingo : _bLa Isabela, _c1991. |
||
| 300 |
_a64 p. ; _c22 cm. |
||
| 590 | _aLa biblioteca posee un ejemplar autografiado por el autor | ||
| 590 | _aInventariado, 2018/LP | ||
| 650 | 0 |
_aPoesía dominicana _966 |
|
| 650 | 0 |
_aLiteratura dominicana. _967 |
|
| 700 | 1 |
_aLebrón Saviñon, Mariano _d1922-2014 _epról. _97227 |
|
| 910 | _aValidado. Control de calidad MFF | ||
| 999 |
_c10245 _d10245 |
||